000 00442nam a22001697a 4500
020 _a9788126510900
082 _a621.317 MOH
100 _aNed Mohan
245 _aPower electronics: converters, applications, and design. 3rd ed
250 _a3rd ed.
260 _aNew Delhi
_bWiley
_c2014
300 _a802p.
_b24cm.
_eCD Include
650 _apower electronics
700 _aTore M. Undeland
700 _aWilliam P. Robbins
942 _cBK
999 _c13323
_d13323